000 00609nam a2200229Ia 4500
003 OSt
005 20220924131912.0
006 a|||||r|||| 00| 0
007 ta
008 220923b |||||||| |||| 00| 0 tel d
024 _a336350
037 _cTextual
040 _aARTS
_cARTS
_btel
041 _2tel
_atel
082 _aO35,3NPR2,2, M0
100 _aSri Prasad
_9203222
245 0 _aYugandhar
260 _aVijayawada
_bNavajyothi Publications India
_c1980
650 _aTELUGU FICTION
942 _hO35,3NPR2,2, M0
_cTEXL
_2CC
999 _c428589
_d428589